000 00934nam a2200289Ia 4500
001 Para_8801
003 CHAP
008 220125s2003 xx 000 0 und d
010 _a205966
040 _cCHAP
090 _aPA TESIS 1766
100 _aPadilla Árciga, Juan Manuel
_984640
245 _aCodayuvantes en la acción biológica del glifosato /
_c por Juan Manuel Padilla Árciga
260 _aChapingo, Méx. :
_b el autor
300 _a62 h.
502 _aTesis (Ing. Agr. Esp. en Parasitología Agrícola) -- UACh. Departamento Parasitología Agrícola
650 _aHerbicidas
_x coadyuvantes
_9133010
650 _aMalas hierbas
_x control
_970011
710 _aUACh. Departamento Parasitología Agrícola
_9164025
901 _aPA TESIS 1766
902 _aA
905 _a0000002003 in 0000000000 00
910 _a2003
942 _cPARA
942 _cPARA
_d1
999 _c205966
_d205966